000 00931nam a22002055i 4500
001 54906
003 ES-MaACL
005 20230906163039.0
007 t|
008 960730s1860 sp ||||1| spa d
040 _aCAM
_bspa
_cCAM
100 1 _aGarcía, José.
_954041
245 1 0 _aCanto épico premiado en los Juegos florales celebrados por la Academia de Ciencias y Literatura del Liceo de esta ciudad el día 19 de junio de 1859 [y Actas y discursos con motivo de los mismos].
260 _aGranada :
_b[s.n.],
_c1860 (
_fImprenta de Francisco Ventura y Sabatel)
300 _a[ 68 p.] ;
_c23 cm.
505 8 _aContiene la composción premiada: La Batalla de las Navas de Tolosa: canto épico de José García
594 _aEncabezamiento tomado de la hoj. 9.
710 2 _aLiceo de Granada.
_bAcademia de Ciencias y Literatura.
_95528
852 _aES-MaACL
_jL-4904(11-7)
_z.- Donativo Roda
_z.- Enc. en un vol. facticio
999 _c54906
_d54906